| 000 | 00748cam a22002533a 4500 | ||
|---|---|---|---|
| 001 | 38714 | ||
| 003 | PGUSA | ||
| 005 | 20140828083844.0 | ||
| 008 | 120130s2012||||xxu|||||s|||||000 1 eng d | ||
| 040 |
_aPGUSA _beng |
||
| 042 | _adc | ||
| 050 | 4 | _aPZ | |
| 100 | 1 | _aStrang, Herbert | |
| 245 | 1 | 0 |
_aCarry On! A Story of the Fight for Bagdad _h[electronic resource] / _cHerbert Strang |
| 260 |
_bProject Gutenberg, _c2012 |
||
| 506 | _aPublic domain in the USA. | ||
| 516 | _aElectronic text | ||
| 653 | _aWorld War, 1914-1918 -- Campaigns -- Iraq -- Juvenile fiction | ||
| 700 | 1 |
_aElcock, H. K. _q(Howard K.) |
|
| 700 | 1 | _aEvison, H. | |
| 830 | 0 |
_aProject Gutenberg _v38714 |
|
| 856 | 4 | 0 | _uhttp://www.gutenberg.org/ebooks/38714 |
| 942 | _cEB | ||
| 999 |
_c267968 _d267968 |
||